000 00619nam a2200229Ia 4500
003 OSt
005 20220924113157.0
006 a|||||r|||| 00| 0
007 ta
008 220923b |||||||| |||| 00| 0 eng d
024 _a149596
037 _cDictionary
040 _aARTS
_cARTS
_beng
041 _2eng
_aeng
082 _aY1:4:69Y1, J4;L0
100 _aKonopka Giesla
_9169636
245 0 _aGroup work in the institution;a modern challerge
260 _aNA
_bNA
_c1954
650 _aSOCIOLOGY
942 _hY1:4:69Y1, J4;L0
_cdic
_2cc
999 _c389452
_d389452